| 000 | 00400nam a2200169Ia 4500 | ||
|---|---|---|---|
| 001 | 23458 | ||
| 005 | 20260414150938.0 | ||
| 008 | 260414t2002||||xx |||||||||||||| ||spa|| | ||
| 041 | _aESP | ||
| 082 |
_a650.01513 _bQ78 |
||
| 100 |
_aQuispe Quiroz, Ubaldo _eAUT |
||
| 245 | 0 |
_aManual de matemáticas financieras _b |
|
| 260 | _c2002 | ||
| 650 | _aGEN | ||
| 654 | _aCCO | ||
| 942 |
_cLIB _dJUS _fJUS _2ddc _n |
||
| 999 |
_c23458 _d23458 |
||